00326nam a22000857a 4500082000800000245015800008260001600166650003400182700002400216 a510 aSlip and Radiation Effects for two-Dimensional Oblique Stagnation Point Flow Towards a Stretching Surface in a Viscoelastic FluidcMuhammad Noveel Sadiq. bSNS - NUST, aMathematics - M. Phil Thesis. aDr. Muhammad Sajid.